Golden Vine of Ri-Hynniewtrep (Record no. 39319)

MARC details
000 -LEADER
fixed length control field 00433nam a22001457a 4500
020 ## - INTERNATIONAL STANDARD BOOK NUMBER
ISBN 9789383079322
082 ## - DEWEY DECIMAL CLASSIFICATION NUMBER
Classification number 394.1
Item number SAW-G
100 ## - MAIN ENTRY--AUTHOR NAME
Personal name Sawian, Sumar Sing
245 ## - TITLE STATEMENT
Title Golden Vine of Ri-Hynniewtrep
Sub Title The Khasi Heritage/
Statement of responsibility, etc Sumar Sing Sawaian
260 ## - PUBLICATION, DISTRIBUTION, ETC. (IMPRINT)
Place of publication Guwahati:
Name of publisher Vivekananda Kendra Institute of Culture,
Year of publication 2020.
300 ## - PHYSICAL DESCRIPTION
Number of Pages 100p.
Other physical details ill.
504 ## - BIBLIOGRAPHY, ETC. NOTE
Bibliography, etc Includes index
650 ## - SUBJECT ADDED ENTRY--TOPICAL TERM
Topical Term Indic people—Culture
942 ## - ADDED ENTRY ELEMENTS (KOHA)
Source of classification or shelving scheme Dewey Decimal Classification
Koha item type Books
Holdings
Withdrawn status Lost status Damaged status Not for loan Home library Current library Date acquired Source of acquisition Cost, normal purchase price Bill Date Full call number Accession Number Cost, replacement price Price effective from Koha item type
        NASSDOC Library NASSDOC Library 21/03/2024 Overseas Press India Private Limited 216.60 20-03-2024 394.1 SAW-G 54407 300.00 24/05/2024 Books